| Tag |
First Indicator |
Second Indicator |
Subfields |
| LEADER |
00000cam a2200000Ia 4500 |
| 001 |
in00002786817 |
| 005 |
20151202171650.0 |
| 008 |
750723s1930 enk 000 0 eng d |
| 016 |
7 |
|
|a 000122612
|2 Uk
|
| 019 |
|
|
|a 37043212
|
| 035 |
|
|
|a (OCoLC)ocm01470712
|
| 035 |
|
|
|a (OCoLC)1470712
|z (OCoLC)37043212
|
| 040 |
|
|
|a SOI
|c SOI
|d CUS
|d OCLCQ
|d OCLCG
|d UKMGB
|d TXA
|d UtOrBLW
|
| 049 |
|
|
|a TXAM
|
| 050 |
|
4 |
|a PR6023.A93
|b Z56 1930
|
| 082 |
0 |
4 |
|a 823
|
| 100 |
1 |
|
|a Arrow, John.
|
| 245 |
1 |
0 |
|a J.C. Squire v. D.H. Lawrence :
|b a reply to Mr. Squire's article in "The observer" of March 9th, 1930 /
|c by John Arrow.
|
| 246 |
3 |
|
|a J.C. Squire vs. D.H. Lawrence
|
| 246 |
3 |
|
|a J.C. Squire vs D.H. Lawrence
|
| 246 |
3 |
|
|a JC Squire vs. DH Lawrence
|
| 246 |
3 |
|
|a JC Squire vs DH Lawrence
|
| 246 |
3 |
|
|a J.C. Squire versus D.H. Lawrence
|
| 246 |
3 |
|
|a JC Squire versus DH Lawrence
|
| 264 |
|
1 |
|a London :
|b E. Lahr,
|c [1930]
|
| 264 |
|
3 |
|a London :
|b D. White & Son
|
| 300 |
|
|
|a 15 pages, 1 unnumbered page ;
|c 19 cm.
|
| 336 |
|
|
|a text
|b txt
|2 rdacontent
|
| 337 |
|
|
|a unmediated
|b n
|2 rdamedia
|
| 338 |
|
|
|a volume
|b nc
|2 rdacarrier
|
| 490 |
1 |
|
|a Blue moon booklets,
|v no. 4
|
| 600 |
1 |
0 |
|a Lawrence, D. H.
|q (David Herbert),
|d 1885-1930
|x Criticism and interpretation.
|
| 600 |
1 |
0 |
|a Squire, John Collings,
|c Sir,
|d 1884-1958.
|
| 776 |
0 |
8 |
|i Online version:
|a Arrow, John.
|t J.C. Squire v.D.H. Lawrence.
|d London : E. Lahr, [1930] (London : D. White & Son)
|w (OCoLC)761235884
|
| 830 |
|
0 |
|a Blue moon booklets ;
|v no. 4.
|
| 948 |
|
|
|a cataloged
|b h
|c 2012/12/4
|d c
|e junters
|f 9:46:13 am
|
| 994 |
|
|
|a C0
|b TXA
|
| 999 |
|
|
|a MARS
|
| 999 |
f |
f |
|s 4dde3905-b126-384f-9cec-bcc734e7a255
|i 03c6b2be-6c0d-3dd3-ac77-07eec274f206
|t 0
|
| 952 |
f |
f |
|p noncirc
|a Texas A&M University
|b College Station
|c Cushing Memorial Library & Archives
|d Cushing: Literature/Mitchell (Does not check out)
|t 0
|e PR6023.A93 Z56 1930
|h Library of Congress classification
|i unmediated -- volume
|
| 998 |
f |
f |
|a PR6023.A93 Z56 1930
|t 0
|l Cushing: Literature/Mitchell (Does not check out)
|